| 000 | 00899cam a2200241 4500 | ||
|---|---|---|---|
| 001 | ABS65772 | ||
| 008 | 020716n2002 000 0 eng u | ||
| 035 | _a(Sirsi) u118862 | ||
| 245 | _aSpecial report 2002: residential | ||
| 260 | _c2002 | ||
| 490 |
_aEstates Gazette _v(0227) 6 July 2002, 67-81(7) |
||
| 520 | _aSpecial feature on the residential property market. Looks at serviced apartments, the challenge for residential developers of housing an older population and creating suitable mixed-use developments, and the challenges facing London's residential market. | ||
| 590 | _aABS | ||
| 650 | _aRESIDENTIAL MARKET | ||
| 650 | _aRETIREMENT HOUSING | ||
| 650 | _aSERVICED FLATS | ||
| 650 | _aSERVICED APARTMENTS | ||
| 650 | _aHOUSING DEVELOPMENT | ||
| 650 | _aLONDON | ||
| 650 |
_aRESIDENTIAL PROPERTY _96266 |
||
| 690 | _aPROPERTY MANAGEMENT-RESIDENTIAL PROPERTY | ||
| 942 | _n0 | ||
| 999 |
_c70744 _d70744 |
||